| 000 | 01037nam a2200229Ia 4500 | ||
|---|---|---|---|
| 001 | 9574 | ||
| 005 | 20260401165835.0 | ||
| 008 | 260306t2015||||xx |||||||||||||| ||spa|| | ||
| 041 | _aESP | ||
| 082 |
_a382.1 _bH54C |
||
| 100 |
_aHill, Charles W. L. _eAUT |
||
| 245 | 0 |
_aNegocios internacionales: _bcómo competir en el mercado global |
|
| 260 | _c2015 | ||
| 300 |
_a643 páginas : _c27 cm. |
||
| 650 | _aGEN | ||
| 654 | _aCAN | ||
| 856 |
_uhttps://itmsp.museknowledge.com/UCSP?url=https://www.ebooks7-24.com:443/?il=16416&pg=1 _zVersión digital (2021) |
||
| 856 |
_uhttps://0u213uyf4-y-https-ebooks7--24-com.itmsp.museknowledge.com/biblioteca.aspx _zVéase además: Base de datos Ebook7-24 |
||
| 856 |
_uhttps://0u20fuyf7-y-https-research-ebsco-com.itmsp.museknowledge.com/c/qxo6us/search _zVéase además: Base de datos EBSCOhost |
||
| 856 |
_uhttps://0u20vuyf8-y-https-ebookcentral-proquest-com.itmsp.museknowledge.com/lib/catolicasp/home.action _zVéase además: Base de datos ProQuest Ebook Central |
||
| 942 |
_cLIB _dJUS _fJUS _2ddc |
||
| 999 |
_c9574 _d9574 |
||